00373nam a2200145Ia 4500003000900000008004100009040001600050080001300066100001700079245006500096260002900161300000900190650001200199650001600211IN-BaIIA211028s9999 xx 000 0 eng d cIIA Library a512bYOU aYoung, J. R. 2aA key and companion to the rudimentary algebracJ. R. Young  aLondonbJohn Wealec1859 a178p aAlgebra aMathematics